[Event "2. liga D 17/18, Namest nad Oslavou-CHS Chotebor"]
[Site ""]
[Date "2017.10.15"]
[Round "1.1"]
[White "Kratochvil, Vit"]
[Black "Vyprachticky, David"]
[WhiteElo "2220"]
[BlackElo "2236"]
[Result "0-1"]
[PlyCount "80"]

1. e4 c5 2. Nf3 d6 3. d4 cxd4 4. Nxd4 Nf6 5. Nc3 a6 6. Qf3 g6 7. h3 Bg7 8. Be3
Nc6 9. O-O-O Bd7 10. g4 O-O 11. Qg2 Rc8 12. Kb1 Na5 13. Nd5 Nxd5 14. exd5 Nc4
15. Bxc4 Rxc4 16. Rhe1 Qb6 17. Nb3 Qc7 18. f4 Rc8 19. Rd2 Ba4 20. Rde2 e5 21.
dxe6 fxe6 22. Qf2 Qf7 23. Bc1 e5 24. fxe5 Qxf2 25. Rxf2 Bxe5 26. Ref1 Bg7 27.
Rd1 Rf8 28. Rxf8+ Bxf8 29. Be3 Re4 30. Bg1 Bd7 31. Nd2 Re2 32. c3 Bc6 33. Kc2
Be4+ 34. Kb3 Bg2 35. h4 Be7 36. Nc4 Bf3 37. Rd4 d5 38. Nd2 Bg2 39. Rd3 Bxh4 40.
Kc2 Be4 0-1

[Event "2. liga D 17/18, Namest nad Oslavou-CHS Chotebor"]
[Site ""]
[Date "2017.10.15"]
[Round "1.2"]
[White "Riha, Vojtech"]
[Black "Mejzlik, Vojtech"]
[WhiteElo "2108"]
[BlackElo "2182"]
[Result "1/2-1/2"]
[PlyCount "104"]

1. e4 d5 2. exd5 Qxd5 3. Nc3 Qa5 4. Nf3 Nf6 5. Be2 Bf5 6. O-O c6 7. b4 Qc7 8.
Re1 e6 9. a3 Nbd7 10. Bb2 Bd6 11. h3 O-O 12. d4 Rfe8 13. Bd3 Bg6 14. Bxg6 hxg6
15. Ne4 Nxe4 16. Rxe4 a5 17. bxa5 Rxa5 18. c4 Nf6 19. Re1 Rea8 20. Qb3 b5 21.
c5 Bf4 22. Rad1 Nd5 23. Ne5 Ra4 24. Nd3 Qa5 25. Re2 Bc7 26. g3 Rb8 27. Qc2 Rc4
28. Qd2 Qa4 29. Rc1 Rxc1+ 30. Qxc1 Qb3 31. Qc2 Qc4 32. Kg2 Qxc2 33. Rxc2 Ra8
34. Nb4 Nxb4 35. axb4 Ra4 36. Bc3 Ra3 37. f4 Kf8 38. h4 Ke7 39. Kf2 f6 40. Kg2
Kf7 41. Kf2 e5 42. dxe5 fxe5 43. Bxe5 Bxe5 44. fxe5 Ke6 45. Rd2 Kxe5 46. Rd6
Ke4 47. Re6+ Kf5 48. Rxc6 Rb3 49. Rb6 Rxb4 50. c6 Ke4 51. c7 Rb2+ 52. Kg1 Rc2
1/2-1/2

[Event "2. liga D 17/18, Namest nad Oslavou-CHS Chotebor"]
[Site ""]
[Date "2017.10.15"]
[Round "1.3"]
[White "Walek, Petr"]
[Black "Tuma, Jiri"]
[WhiteElo "2167"]
[BlackElo "2252"]
[Result "0-1"]
[PlyCount "52"]

1. e4 c5 2. Nf3 e6 3. d4 cxd4 4. Nxd4 Nf6 5. Nc3 d6 6. Bg5 Be7 7. Qd2 a6 8.
O-O-O b5 9. Bd3 Bb7 10. f3 Nbd7 11. Rhe1 Rc8 12. a3 O-O 13. g4 Ne5 14. f4 Nc4
15. Bxc4 Rxc4 16. h3 Qc7 17. e5 Nd5 18. Nxd5 Bxd5 19. Bxe7 Qxe7 20. Nf5 exf5
21. Qxd5 dxe5 22. Rxe5 Qc7 23. gxf5 Rxc2+ 24. Kb1 Qc4 25. Qd6 Qc7 26. Re7 Rc1+
0-1

[Event "2. liga D 17/18, Namest nad Oslavou-CHS Chotebor"]
[Site ""]
[Date "2017.10.15"]
[Round "1.4"]
[White "Vala, Filip"]
[Black "Skaroupka, Jiri"]
[WhiteElo "2216"]
[BlackElo "2178"]
[Result "1-0"]
[PlyCount "61"]

1. d4 d5 2. Nf3 Nf6 3. c4 e6 4. Nc3 Be7 5. Bg5 h6 6. Bh4 O-O 7. e3 b6 8. Be2
Bb7 9. Bxf6 Bxf6 10. cxd5 exd5 11. b4 c6 12. O-O Re8 13. Qb3 Qd6 14. Rfd1 Nd7
15. Rac1 a5 16. b5 c5 17. dxc5 Nxc5 18. Qa3 Rad8 19. Na4 Nxa4 20. Qxa4 Rc8 21.
Nd4 Rc5 22. Bf3 Rec8 23. Rxc5 Rxc5 24. Qb3 Rc4 25. Nc6 Qc5 26. Bxd5 Rc3 27.
Bxf7+ Kh8 28. Qe6 h5 29. Qe8+ Kh7 30. Qg8+ Kh6 31. Qh8+ 1-0

[Event "2. liga D 17/18, Namest nad Oslavou-CHS Chotebor"]
[Site ""]
[Date "2017.10.15"]
[Round "1.5"]
[White "Miculka, David"]
[Black "Ondracek, Ondrej"]
[WhiteElo "2110"]
[BlackElo "2096"]
[Result "0-1"]
[PlyCount "120"]

1. e4 e5 2. Nf3 Nc6 3. Bb5 a6 4. Ba4 Nf6 5. O-O b5 6. Bb3 Be7 7. Re1 O-O 8. h3
d6 9. c3 Nb8 10. d4 Nbd7 11. Nbd2 Bb7 12. Bc2 Re8 13. Nf1 Bf8 14. Ng3 g6 15.
Nh2 h6 16. f4 Bg7 17. f5 Kh7 18. d5 c6 19. dxc6 Qb6+ 20. Be3 Qxc6 21. Ng4 Rad8
22. Qf3 Rf8 23. Rad1 a5 24. Rd2 Nxg4 25. hxg4 g5 26. f6 Nxf6 27. Nf5 Bc8 28.
Kf2 Bxf5 29. Qxf5+ Kg8 30. Kf3 Rfe8 31. Rh1 Qd7 32. Bb6 Qxf5+ 33. gxf5 Rd7 34.
Rhd1 Bf8 35. Bxa5 Ra8 36. Bb4 g4+ 37. Ke2 Rxa2 38. Ba3 d5 39. Bb3 Rxa3 40. bxa3
Nxe4 41. Rd3 Rc7 42. Rxd5 Nxc3+ 43. Kf2 Nxd5 44. Rxd5 g3+ 45. Ke2 Bxa3 46. Rxb5
Bc5 47. Kf3 Kg7 48. Kxg3 Kf6 49. Kg4 Bd4 50. Bd5 h5+ 51. Kxh5 Kxf5 52. Rb3 e4
53. Rb7 Rxb7 54. Bxb7 e3 55. Bf3 Bf6 56. Be2 Kf4 57. g4 Bg5 58. Bd1 f6 59. Kg6
Kg3 60. Kf5 Kf2 0-1

[Event "2. liga D 17/18, Namest nad Oslavou-CHS Chotebor"]
[Site ""]
[Date "2017.10.15"]
[Round "1.6"]
[White "Tuma, Jan"]
[Black "Dittrich, Pavel"]
[WhiteElo "2074"]
[BlackElo "2235"]
[Result "0-1"]
[PlyCount "126"]

1. e4 e6 2. c4 d5 3. cxd5 exd5 4. exd5 Nf6 5. Bb5+ Nbd7 6. Nc3 Be7 7. Nf3 O-O
8. O-O Nb6 9. h3 Nbxd5 10. Re1 c6 11. Bc4 Bf5 12. Re5 Qd7 13. d4 Bd6 14. Re1
Rfe8 15. Bg5 Rxe1+ 16. Qxe1 Re8 17. Qf1 h6 18. Bh4 Nxc3 19. Bxf6 Na4 20. Ne5
Bxe5 21. Bxe5 Nxb2 22. a4 Nxc4 23. Qxc4 Rd8 24. Re1 Kh7 25. Qb3 b6 26. Rd1 Be4
27. Qg3 f6 28. Bc7 Rc8 29. Bf4 Bc2 30. Rd2 Bxa4 31. Qd3+ g6 32. h4 h5 33. f3
Re8 34. g4 Bb5 35. Qc2 hxg4 36. h5 Qf5 37. Qa2 Re1+ 38. Kg2 gxf3+ 39. Kxf3 Qd5+
40. Qxd5 cxd5 41. hxg6+ Kxg6 42. Ra2 Re7 43. Bd6 Rd7 44. Bb8 a6 45. Kf4 Bc4 46.
Rg2+ Kf7 47. Rg3 a5 48. Kf5 Rb7 49. Bd6 Bb5 50. Re3 Bd7+ 51. Kf4 b5 52. Re1 b4
53. Rb1 b3 54. Bc5 a4 55. Ba3 Rb8 56. Bb2 Rh8 57. Kg3 Rh3+ 58. Kf4 Rd3 59. Ra1
Rd2 60. Rb1 Bb5 61. Ke3 Re2+ 62. Kf3 Bd3 63. Ba3 Ra2 0-1

[Event "2. liga D 17/18, Namest nad Oslavou-CHS Chotebor"]
[Site ""]
[Date "2017.10.15"]
[Round "1.7"]
[White "Cizek, Antonin"]
[Black "Petrus, Ludek"]
[WhiteElo "2221"]
[BlackElo "1955"]
[Result "1/2-1/2"]
[PlyCount "81"]

1. d4 e6 2. g3 d5 3. Bg2 Nf6 4. Nf3 Be7 5. O-O O-O 6. c4 dxc4 7. Ne5 c6 8. Nxc4
b5 9. Ne5 Bb7 10. Nc3 Qb6 11. e3 Rd8 12. Qb3 Nbd7 13. f4 a6 14. f5 Nf8 15. Nd3
Bc8 16. Ne5 Bb7 17. Nd3 Bc8 18. fxe6 Bxe6 19. Qc2 Ng6 20. Bd2 Rac8 21. b4 Bc4
22. a3 a5 23. Rfb1 a4 24. Nc5 Bxc5 25. bxc5 Qa7 26. Rb4 Bb3 27. Qb2 h5 28. Be1
Qe7 29. e4 h4 30. Qe2 hxg3 31. Bxg3 Bc4 32. Rxc4 bxc4 33. Qxc4 Nh5 34. Rf1 Nxg3
35. hxg3 Rc7 36. Nxa4 Qg5 37. Qc3 Rcd7 38. d5 cxd5 39. exd5 Re7 40. Qf3 Re3 41.
Qxf7+ 1/2-1/2

[Event "2. liga D 17/18, Namest nad Oslavou-CHS Chotebor"]
[Site ""]
[Date "2017.10.15"]
[Round "1.8"]
[White "Jun, Rudolf"]
[Black "Miculka, Petr"]
[WhiteElo "1872"]
[BlackElo "2031"]
[Result "1-0"]
[PlyCount "91"]

1. e4 c5 2. c4 Nc6 3. Nf3 Nf6 4. Nc3 g6 5. d4 cxd4 6. Nxd4 d6 7. Be2 Bg7 8. Be3
O-O 9. f3 Bd7 10. O-O a6 11. Rc1 Rb8 12. a3 Nxd4 13. Bxd4 b5 14. b4 Rb7 15. Kh1
Bc6 16. Be3 e6 17. Qe1 d5 18. Rd1 Rd7 19. cxb5 axb5 20. Bc5 Re8 21. e5 Nh5 22.
Bxb5 Qa8 23. Bxc6 Qxc6 24. Bd4 f6 25. b5 Qc4 26. exf6 Bxf6 27. Bxf6 Nxf6 28.
Qe5 d4 29. Qxf6 Qxc3 30. Rfe1 Qxa3 31. Rxe6 Rf8 32. Qe5 Rxf3 33. Re8+ Rf8 34.
Qe6+ Rdf7 35. Rf1 Kg7 36. Rxf8 Qxf8 37. Rxf7+ Qxf7 38. Qxf7+ Kxf7 39. Kg1 Ke6
40. Kf2 Kd5 41. Ke2 Kc5 42. Kd3 h5 43. b6 Kxb6 44. Kxd4 h4 45. Ke5 h3 46. gxh3
1-0

[Event "2. liga D 17/18, Vysoke Myto-Zdar nad Sazavou"]
[Site ""]
[Date "2017.10.15"]
[Round "1.1"]
[White "Nemec, Pavel"]
[Black "Vecera, Pavel"]
[WhiteElo "2217"]
[BlackElo "2136"]
[Result "1/2-1/2"]
[PlyCount "58"]

1. e4 c5 2. Nc3 Nc6 3. g3 d6 4. Bg2 e5 5. d3 Be7 6. Nge2 Nf6 7. O-O O-O 8. h3
Rb8 9. Bg5 Nd4 10. Bxf6 Bxf6 11. Nd5 Nxe2+ 12. Qxe2 Be6 13. Ne3 g6 14. h4 Bg7
15. Kh2 Qd7 16. h5 f5 17. hxg6 hxg6 18. Rh1 f4 19. Nd5 Qf7 20. Bf3 fxg3+ 21.
Kxg3 Bxd5 22. exd5 Qf4+ 23. Kg2 Rf5 24. Bg4 Rg5 25. Rh4 Qd4 26. c4 Rf8 27. f3
Rf4 28. Kh1 Kf8 29. Rh2 b5 1/2-1/2

[Event "2. liga D 17/18, Vysoke Myto-Zdar nad Sazavou"]
[Site ""]
[Date "2017.10.15"]
[Round "1.2"]
[White "Hamornik, Jozef"]
[Black "Sabol, Marian"]
[WhiteElo "2112"]
[BlackElo "2353"]
[Result "0-1"]
[PlyCount "62"]

1. Nf3 Nf6 2. g3 b5 3. Bg2 Bb7 4. O-O e6 5. b3 Be7 6. Bb2 O-O 7. c4 b4 8. a3 a5
9. axb4 axb4 10. Rxa8 Bxa8 11. d3 c5 12. Nbd2 d5 13. Qa1 Nc6 14. Ne5 Qc7 15.
Ndf3 d4 16. Nxc6 Bxc6 17. e3 dxe3 18. fxe3 Rd8 19. Ne5 Bxg2 20. Kxg2 h5 21. e4
Bd6 22. Rf3 Rf8 23. Nxf7 Rxf7 24. e5 Ng4 25. Qa8+ Bf8 26. d4 cxd4 27. Bxd4 Nxe5
28. Rxf7 Kxf7 29. Qe4 Qc6 30. Qxc6 Nxc6 31. Bb6 Kf6 0-1

[Event "2. liga D 17/18, Vysoke Myto-Zdar nad Sazavou"]
[Site ""]
[Date "2017.10.15"]
[Round "1.3"]
[White "Trhal, Tomas"]
[Black "Fisar, Josef"]
[WhiteElo "2067"]
[BlackElo "2076"]
[Result "1-0"]
[PlyCount "41"]

1. Nf3 e6 2. g3 b6 3. Bg2 Bb7 4. O-O Be7 5. c4 g5 6. d4 g4 7. Ne5 Bxg2 8. Kxg2
f5 9. Nc3 Bf6 10. e4 c5 11. Nb5 d6 12. Nxg4 fxg4 13. Qxg4 a6 14. Qxe6+ Be7 15.
Qd5 axb5 16. Qxa8 bxc4 17. dxc5 dxc5 18. Bf4 Nd7 19. Qc6 Kf7 20. Rad1 Nb8 21.
Qb7 1-0

[Event "2. liga D 17/18, Vysoke Myto-Zdar nad Sazavou"]
[Site ""]
[Date "2017.10.15"]
[Round "1.4"]
[White "Siebenburger, Vlastimil"]
[Black "Kosek, Jiri"]
[WhiteElo "2059"]
[BlackElo "2110"]
[Result "1/2-1/2"]
[PlyCount "42"]

1. d4 Nf6 2. c4 e6 3. Nc3 d5 4. cxd5 Nxd5 5. e4 Nxc3 6. bxc3 c5 7. Nf3 cxd4 8.
cxd4 Bb4+ 9. Bd2 Bxd2+ 10. Qxd2 O-O 11. Bc4 b6 12. O-O Bb7 13. Qf4 Nd7 14. e5
Rc8 15. Bd3 h6 16. Rfd1 Nb8 17. Nd2 Qg5 18. Qxg5 hxg5 19. Ne4 Bxe4 20. Bxe4 Nc6
21. g3 Rfd8 1/2-1/2

[Event "2. liga D 17/18, Vysoke Myto-Zdar nad Sazavou"]
[Site ""]
[Date "2017.10.15"]
[Round "1.5"]
[White "Dosedel, Jiri"]
[Black "Cely, Jaroslav"]
[WhiteElo "2064"]
[BlackElo "2015"]
[Result "1/2-1/2"]
[PlyCount "47"]

1. Nf3 c5 2. g3 Nc6 3. Bg2 g6 4. O-O Bg7 5. d3 Nf6 6. c3 O-O 7. e4 d6 8. Qc2
Bg4 9. h3 Bd7 10. Be3 Qc8 11. Kh2 b5 12. Nbd2 b4 13. Nc4 Qa6 14. Nfd2 bxc3 15.
bxc3 Rab8 16. Rfb1 Rfc8 17. Rxb8 Rxb8 18. Rb1 Rxb1 19. Qxb1 Ne8 20. Qc2 Nc7 21.
f4 Nb5 22. e5 dxe5 23. Bxc6 Qxc6 24. fxe5 1/2-1/2

[Event "2. liga D 17/18, Vysoke Myto-Zdar nad Sazavou"]
[Site ""]
[Date "2017.10.15"]
[Round "1.6"]
[White "Svoboda, Ivo"]
[Black "Ptacek, Lubos"]
[WhiteElo "1949"]
[BlackElo "2068"]
[Result "1/2-1/2"]
[PlyCount "39"]

1. e4 e5 2. Nf3 Nc6 3. Bb5 a6 4. Ba4 d6 5. c3 Nf6 6. d3 Bd7 7. O-O Be7 8. Re1
O-O 9. Nbd2 b5 10. Bc2 Qc8 11. Nf1 a5 12. a3 a4 13. Ng3 Na5 14. d4 Nc6 15. h3
Re8 16. b3 axb3 17. Bxb3 Bd8 18. Ng5 Rf8 19. Nf3 Re8 20. Ng5 1/2-1/2

[Event "2. liga D 17/18, Vysoke Myto-Zdar nad Sazavou"]
[Site ""]
[Date "2017.10.15"]
[Round "1.7"]
[White "Danek, Pavel"]
[Black "Pavlis, Jaromir"]
[WhiteElo "1944"]
[BlackElo "1879"]
[Result "1/2-1/2"]
[PlyCount "105"]

1. d4 d5 2. Nf3 Nf6 3. Bg5 e6 4. e3 Be7 5. Nbd2 O-O 6. Bd3 h6 7. Bh4 Nbd7 8. c3
Ne8 9. Bxe7 Qxe7 10. Ne5 Nxe5 11. dxe5 f6 12. Qh5 fxe5 13. Qxe5 Qf6 14. Nf3
Qxe5 15. Nxe5 Nd6 16. f4 Nf7 17. O-O Nxe5 18. fxe5 Bd7 19. Rf4 Rxf4 20. exf4
Rf8 21. Rf1 Kf7 22. g4 g6 23. Kg2 Kg7 24. Rf2 c5 25. Kg3 b5 26. a3 a5 27. h4 b4
28. axb4 c4 29. Bc2 axb4 30. h5 gxh5 31. gxh5 bxc3 32. bxc3 Ra8 33. f5 exf5 34.
Kf4 Be8 35. Rg2+ Kf8 36. Kxf5 Bxh5 37. Kf6 Bf3 38. Rg3 Be4 39. Bxe4 dxe4 40. e6
Ra7 41. Re3 Ra1 42. Rxe4 Rf1+ 43. Ke5 Ke7 44. Rxc4 Re1+ 45. Kd5 Rxe6 46. Rc7+
Kd8 47. Rh7 Rg6 48. c4 Kc8 49. c5 Rf6 50. c6 Rf1 51. Rxh6 Rd1+ 52. Ke4 Kc7 53.
Rg6 1/2-1/2

[Event "2. liga D 17/18, Vysoke Myto-Zdar nad Sazavou"]
[Site ""]
[Date "2017.10.15"]
[Round "1.8"]
[White "Korinkova, Eva"]
[Black "Kosek, Marek"]
[WhiteElo "1844"]
[BlackElo "2087"]
[Result "0-1"]
[PlyCount "70"]

1. d4 Nf6 2. Nf3 e6 3. e3 d5 4. Bd3 Nbd7 5. Nbd2 c5 6. c3 Bd6 7. O-O O-O 8. Re1
e5 9. e4 cxd4 10. cxd4 dxe4 11. Nxe4 Nxe4 12. Bxe4 exd4 13. Qxd4 Bc5 14. Qc3
Qb6 15. Qc2 Nf6 16. Bd3 h6 17. Ne5 Be6 18. Be3 Rac8 19. Bxc5 Rxc5 20. Qe2 Rd8
21. a3 Rxe5 22. Bh7+ Nxh7 23. Qxe5 Nf6 24. Re2 Rd5 25. Qg3 Qd6 26. Qc3 Ng4 27.
g3 Ne5 28. Rae1 Nc6 29. Re3 Nd4 30. Rc1 Nc6 31. Rce1 a6 32. b4 Rd4 33. R3e2 Rd3
34. Qb2 Nd4 35. Re4 Nf3+ 0-1

[Event "2. liga D 17/18, Eurobit-Velke Losiny"]
[Site ""]
[Date "2017.10.15"]
[Round "1.1"]
[White "Smutny, Jan"]
[Black "Zilka, Stepan"]
[WhiteElo "2181"]
[BlackElo "2513"]
[Result "0-1"]

1.e4 c5 2.c3 Nf6 3.e5 Nd5 4.d4 cxd4 5.cxd4 e6 6.Nc3 Nxc3 7.bxc3 d6 8.f4 
Qc7 9.Bd2 g5 10.Nf3 gxf4 11.exd6 Bxd6 12.Bd3 Nd7 13.O-O b6 14.a4 Bb7 15.c4
Rd8 16.Qe2 Nf6 17.d5 Rg8 18.Bc3 Nxd5 19.cxd5 Qxc3 20.Rac1 Bc5+ 21.Kh1 Qf6 
22.dxe6 Qxe6 23.Qc2 Kf8 24.Bxh7 Rg7 25.Bf5 Qe3 26.Rce1 Rd2 27.Rxe3 fxe3 
28.Qc3 Rdxg2 29.h4 Bd6 30.Be4 Bxe4 31.Qc8+ Ke7 0-1

[Event "2. liga D 17/18, Eurobit-Velke Losiny"]
[Site ""]
[Date "2017.10.15"]
[Round "1.2"]
[White "Vaculik, Jakub"]
[Black "Malivanek, Jiri"]
[WhiteElo "2226"]
[BlackElo "2077"]
[Result "1/2-1/2"]

1.d4 d5 2.c4 c6 3.g3 dxc4 4.Bg2 Nd7 5.Nf3 Ngf6 6.O-O b5 7.Qc2 Bb7 8.Rd1 e6
9.a4 a6 10.Nc3 Nd5 11.e4 Nxc3 12.Qxc3 a5 13.Bg5 f6 14.Be3 Bb4 15.Qc2 Qe7 
16.Nh4 O-O 17.d5 Nc5 18.dxc6 Bxc6 19.axb5 Bxb5 20.e5 Rad8 21.Rxd8 Rxd8 22.
exf6 gxf6 23.Nf3 Nb3 24.Rd1 Rxd1+ 25.Qxd1 Qd7 26.Nd4 f5 27.Qh5 Nxd4 28.
Qg5+ Kf7 29.Qh5+ Kg8 30.Qg5+ Kf7 31.Qh5+ Kg8 32.Qg5+ 1/2-1/2

[Event "2. liga D 17/18, Eurobit-Velke Losiny"]
[Site ""]
[Date "2017.10.15"]
[Round "1.3"]
[White "Holasek, Pavel"]
[Black "Gnida, Patrik"]
[WhiteElo "2077"]
[BlackElo "2165"]
[Result "1/2-1/2"]

1.d4 d6 2.c4 e5 3.Nf3 Nc6 4.Nc3 Be7 5.e3 Nf6 6.d5 Nb8 7.Bd3 Nbd7 8.O-O O-O
9.Rb1 a5 10.a3 Ne8 11.Qc2 g6 12.e4 Nc5 13.Bh6 Ng7 14.b4 Nxd3 15.Qxd3 f5 
16.Rfc1 Rf7 17.c5 fxe4 18.Nxe4 Nf5 19.Bd2 axb4 20.axb4 Nh4 21.Nxh4 Bxh4 
22.cxd6 cxd6 23.g3 Be7 24.Ra1 Rb8 25.Qc4 Bf5 26.b5 Bxe4 27.Qxe4 Bg5 28.Be3
Bxe3 29.Qxe3 Qd7 30.Qd3 Rbf8 31.Ra2 Qg4 32.Rc4 Qg5 33.h4 Qh6 34.b6 Rf3 35.
Qb1 Qg7 36.Rc7 Qf6 37.Qe1 e4 38.Qa1 Qxa1+ 39.Rxa1 e3 1/2-1/2

[Event "2. liga D 17/18, Eurobit-Velke Losiny"]
[Site ""]
[Date "2017.10.15"]
[Round "1.4"]
[White "Sohr, Vladimir"]
[Black "Hlavnicka, Jiri"]
[WhiteElo "2119"]
[BlackElo "2147"]
[Result "1/2-1/2"]

1.e4 d6 2.d4 c6 3.Nc3 e5 4.Be3 Be7 5.Qd2 Nf6 6.f3 O-O 7.O-O-O Qc7 8.g4 b5 
9.h4 a6 10.h5 exd4 11.Bxd4 b4 12.Nce2 Qa5 13.Kb1 Be6 14.Nc1 c5 15.Be3 c4 
16.g5 c3 17.Qd4 Nc6 18.Qb6 Qxb6 19.Bxb6 Nd7 20.Be3 cxb2 21.Kxb2 f6 22.Bh3 
Bxh3 23.Nxh3 Nde5 24.Kb1 Nxf3 25.gxf6 Bxf6 26.Rxd6 Na5 27.Bc5 Nc4 28.Rxf6 
Rxf6 29.Nd3 a5 30.Nhf4 Rc8 31.Nd5 Re6 32.h6 gxh6 33.N3f4 Kf7 34.Nxe6 Kxe6 
35.Rxh6+ Ke5 36.Rh5+ 1/2-1/2

[Event "2. liga D 17/18, Eurobit-Velke Losiny"]
[Site ""]
[Date "2017.10.15"]
[Round "1.5"]
[White "Sykora, Josef"]
[Black "Strasil, Pavel"]
[WhiteElo "2066"]
[BlackElo "2065"]
[Result "1/2-1/2"]

1.c4 Nf6 2.g3 e6 3.Bg2 d5 4.Nf3 c5 5.cxd5 exd5 6.d4 Nc6 7.O-O Be7 8.Nc3 
O-O 9.b3 Be6 10.Bb2 Rc8 11.e3 b6 12.Rc1 h6 13.Ne5 cxd4 14.Nxc6 Rxc6 15.
Qxd4 Rd6 16.Nb5 Rd7 17.Qa4 Bc5 18.b4 Be7 19.Nd4 Bd6 20.Rc2 Rc7 21.Rfc1 
Rxc2 22.Rxc2 Qd7 23.Qxd7 Bxd7 24.a3 Ba4 25.Rc1 Bd7 26.Nc6 Rc8 27.Bxf6 Rxc6
28.Rxc6 Bxc6 29.Bd4 f6 30.Kf1 a5 31.Bxb6 axb4 32.axb4 Bxb4 33.f4 1/2-1/2

[Event "2. liga D 17/18, Eurobit-Velke Losiny"]
[Site ""]
[Date "2017.10.15"]
[Round "1.6"]
[White "Kubicek, Antonin"]
[Black "Reznicek, Jan"]
[WhiteElo "2153"]
[BlackElo "2161"]
[Result "0-1"]

1.c4 g6 2.Nc3 Bg7 3.g3 c5 4.Bg2 Nc6 5.Nf3 e6 6.O-O Nge7 7.d3 O-O 8.Bf4 d6 
9.Qd2 Re8 10.Bh6 Bh8 11.e4 a6 12.Qf4 Ne5 13.Nxe5 Bxe5 14.Qh4 Nc6 15.Bg5 f6
16.Be3 Rf8 17.f4 Bd4 18.Bxd4 Nxd4 19.Rae1 Ra7 20.g4 b5 21.e5 f5 22.Qxd8 
Rxd8 23.gxf5 gxf5 24.exd6 Rxd6 25.Re5 Rc7 26.Kf2 Rdd7 27.Ne2 Nxe2 28.Kxe2 
Rg7 29.Bf3 b4 30.Rf2 Kf7 31.Rg2 Rxg2+ 32.Bxg2 Ke7 33.Ke3 Kd6 34.d4 a5 35.
b3 Bd7 36.Bf3 Be8 37.dxc5+ Rxc5 38.Kd4 Rxe5 39.fxe5+ Kc7 40.Kc5 h6 41.h4 
Bd7 42.Bh5 Bc6 43.Bf7 Bd7 44.Bg8 f4 45.Kd4 Kb6 46.Bh7 Bc6 47.Be4 Be8 48.
Bf3 a4 49.Bg4 Bd7 50.bxa4 Ka5 51.Ke4 Kxa4 52.Bd1+ Ka5 53.Kxf4 Kb6 54.Ke4 
Kc5 55.Kd3 Be8 56.Be2 Bg6+ 57.Kd2 Bb1 58.Kc1 Bxa2 59.Kb2 Bxc4 60.Bg4 Kd4 
0-1

[Event "2. liga D 17/18, Eurobit-Velke Losiny"]
[Site ""]
[Date "2017.10.15"]
[Round "1.7"]
[White "Kraus, Ondrej"]
[Black "Vodak, Rostislav"]
[WhiteElo "1971"]
[BlackElo "2063"]
[Result "1/2-1/2"]

1.f4 d5 2.Nc3 Nf6 3.e3 g6 4.b3 Bg7 5.Bb2 O-O 6.Nf3 b6 7.d4 Bb7 8.Bd3 Nbd7 
9.O-O c5 10.Qe1 Rc8 11.Ne5 Ne8 12.a4 Nd6 13.a5 f6 14.Nxd7 Qxd7 15.axb6 
axb6 16.Na4 Qc7 17.Ba3 c4 18.Be2 Bc6 19.Bxd6 Qxd6 20.bxc4 Bxa4 21.Rxa4 
dxc4 22.Bxc4+ Kh8 23.h4 b5 24.Bxb5 Rxc2 25.Bd3 Rxg2+ 26.Kxg2 Qc6+ 27.Be4 
Qxa4 28.Qc3 Qa2+ 29.Kg3 Qe6 30.Qc6 Qxc6 1/2-1/2

[Event "2. liga D 17/18, Eurobit-Velke Losiny"]
[Site ""]
[Date "2017.10.15"]
[Round "1.8"]
[White "Kopecky, Roman"]
[Black "Vesely, Tomas"]
[WhiteElo "1975"]
[BlackElo "2047"]
[Result "0-1"]

1.Nf3 b6 2.g3 Bb7 3.Bg2 e5 4.d3 Bc5 5.O-O Qe7 6.e3 f5 7.d4 Bd6 8.dxe5 Bxe5
9.Nxe5 Bxg2 10.Kxg2 Qxe5 11.Qh5+ g6 12.Qf3 Nc6 13.Bd2 Nf6 14.Bc3 Qe6 15.e4
O-O 16.exf5 Qxf5 17.Qxf5 gxf5 18.Bd2 Ne4 19.Be3 Nb4 20.Na3 Nd5 21.Rfe1 f4 
22.f3 Nxe3+ 23.Rxe3 fxe3 24.fxe4 Rf2+ 25.Kg1 Raf8 26.Nc4 Rxc2 27.Nxe3 Rxb2
28.Ng4 Kg7 29.e5 Re2 30.Rd1 Rf7 31.Rd5 Rxa2 32.Nf6 Ra5 33.Rd4 Rxe5 34.Nxd7
Re8 35.Kg2 c5 36.Rd5 Rfe7 37.h4 Kf7 38.Rd6 Re6 39.Rd5 R6e7 40.Rd6 Re6 41.
Rd5 Ke7 42.Ne5 Rd6 0-1

[Event "2. liga D 17/18, Pivovar Dalesice-Lipa"]
[Site ""]
[Date "2017.10.15"]
[Round "1.1"]
[White "Karasek, Lukas"]
[Black "Jirasek, Pavel"]
[WhiteElo "2304"]
[BlackElo "2292"]
[Result "1/2-1/2"]
[PlyCount "107"]

1. Nf3 Nf6 2. c4 c5 3. g3 b6 4. Bg2 Bb7 5. O-O e6 6. Nc3
Be7 7. d4 cxd4 8. Qxd4 d6 9. Bg5 a6 10. Bxf6 Bxf6 11. Qf4 O-O 12. Rfd1 Be7 13.
Ne4 Bxe4 14. Qxe4 Ra7 15. Nd4 Re8 16. b3 Rc7 17. Rac1 Qc8 18. Qb1 Bf6 19. e3 g6
20. Rc2 Rd8 21. Rcd2 Be7 22. a4 Rc5 23. Rc2 Bf6 24. Rcd2 Be7 25. Qa2 h5 26. Rc2
Bf6 27. b4 Rc7 28. Rdc1 Bxd4 29. exd4 Nc6 30. Bxc6 Rxc6 31. a5 Qb7 32. b5 Rc7
33. axb6 Qxb6 34. Qxa6 Qxa6 35. bxa6 Ra8 36. Ra2 Raa7 37. Ra4 Kf8 38. Kf1 Ke7
39. Ke2 Rc6 40. Rca1 Kd7 41. Kd3 Kc7 42. Ra5 Kb8 43. c5 Rd7 44. Rb1+ Ka7 45.
Rb6 Rxb6 46. cxb6+ Kxb6 47. Ra2 Ra7 48. Rb2+ Kxa6 49. d5 e5 50. Rb8 Rb7 51. Rd8
Kb5 52. Rxd6 Kc5 53. Rd8 f5 54. d6 1/2-1/2

[Event "2. liga D 17/18, Pivovar Dalesice-Lipa"]
[Site ""]
[Date "2017.10.15"]
[Round "1.2"]
[White "Varejcko, Josef"]
[Black "Sedlacek, Oldrich"]
[WhiteElo "2257"]
[BlackElo "2238"]
[Result "1-0"]
[PlyCount "69"]

1. d4 d5 2. Nf3 Nf6 3. g3 c6 4. Bg2 Bg4 5. Ne5 Bh5 6. O-O
e6 7. c4 Nbd7 8. Nc3 Nxe5 9. dxe5 Nd7 10. cxd5 cxd5 11. Qa4 a6 12. g4 b5 13.
Qf4 g5 14. Qg3 Bg6 15. Rd1 Bg7 16. f4 gxf4 17. Bxf4 Qb6+ 18. Kh1 b4 19. Nxd5
exd5 20. Rxd5 Rc8 21. Rd6 Qb5 22. e6 fxe6 23. Rxe6+ Kf7 24. Rd6 Rhe8 25. Qb3+
Kf8 26. Rxg6 hxg6 27. Bd6+ Re7 28. Rf1+ Nf6 29. Qe6 Rcc7 30. g5 Qd7 31. Rxf6+
Bxf6 32. Qxf6+ Ke8 33. Qh8+ Kf7 34. Bd5+ Re6 35. Qf8# 1-0

[Event "2. liga D 17/18, Pivovar Dalesice-Lipa"]
[Site ""]
[Date "2017.10.15"]
[Round "1.3"]
[White "Ruzicka, Josef"]
[Black "Fiedler, Bedrich"]
[WhiteElo "2101"]
[BlackElo "2097"]
[Result "1/2-1/2"]
[PlyCount "62"]

1. e4 c5 2. Nf3 d6 3. d4 cxd4 4. Nxd4 Nf6 5. Nc3 g6 6. Be3
Bg7 7. f3 Nc6 8. Qd2 O-O 9. O-O-O Nxd4 10. Bxd4 Be6 11. Kb1 Qc7 12. h4 Rfc8 13.
h5 Qa5 14. a3 Rab8 15. h6 Bh8 16. Nd5 Qxd2 17. Rxd2 Nxd5 18. Bxh8 Ne3 19. Bd4
Nxf1 20. Rxf1 Bc4 21. Rfd1 b6 22. b3 Be6 23. Kb2 a5 24. c4 a4 25. e5 axb3 26.
exd6 exd6 27. Kxb3 Rxc4 28. Kb2 d5 29. Rc1 b5 30. Be5 Rbc8 31. Rxc4 Rxc4
1/2-1/2

[Event "2. liga D 17/18, Pivovar Dalesice-Lipa"]
[Site ""]
[Date "2017.10.15"]
[Round "1.4"]
[White "Sedivy, Martin"]
[Black "Tesar, Jan"]
[WhiteElo "2113"]
[BlackElo "2118"]
[Result "1-0"]
[PlyCount "65"]

1. e4 c5 2. b3 Nc6 3. Bb2 e5 4. Nf3 d6 5. Bb5 Nf6 6. Bxc6+
bxc6 7. d3 g6 8. Nbd2 Bg7 9. Qe2 O-O 10. O-O-O Nh5 11. Ne1 Nf4 12. Qf1 Rb8 13.
f3 Ne6 14. h4 Bh6 15. h5 Bxd2+ 16. Rxd2 Qa5 17. hxg6 fxg6 18. a4 Nd4 19. Bxd4
cxd4 20. g3 Qc3 21. Kd1 d5 22. Rh6 dxe4 23. dxe4 Qa1+ 24. Ke2 Ba6+ 25. Nd3 Qc3
26. Qh3 Rxf3 27. Qe6+ Rf7 28. Rxh7 Kxh7 29. Qxf7+ Kh6 30. Kd1 Rb7 31. Qf8+ Kg5
32. Qd8+ Kg4 33. Qh4+ 1-0

[Event "2. liga D 17/18, Pivovar Dalesice-Lipa"]
[Site ""]
[Date "2017.10.15"]
[Round "1.5"]
[White "Lampir, Tomas"]
[Black "Kourek, Josef"]
[WhiteElo "2077"]
[BlackElo "2059"]
[Result "0-1"]
[PlyCount "82"]

1. e4 c5 2. Nc3 Nc6 3. Nf3 g6 4. d4 cxd4 5. Nxd4 Bg7 6.
Be3 d6 7. Be2 Nf6 8. h4 h5 9. f3 Bd7 10. Qd2 Rc8 11. Ncb5 Ne5 12. Nxa7 Nc4 13.
Bxc4 Rxc4 14. Nab5 O-O 15. Nc3 Qb8 16. O-O Rfc8 17. Rae1 b5 18. a3 b4 19. axb4
Qxb4 20. Nb3 Be6 21. Ra1 Nd7 22. Nd5 Bxd5 23. Qxb4 Rxb4 24. exd5 Rxc2 25. Nd2
Rbxb2 26. Rad1 Nf6 27. Bd4 Rxd2 28. Bxb2 Rxb2 29. Rfe1 Bf8 30. Re3 Rb5 31. Red3
Bh6 32. Kf2 Nd7 33. Ra3 Nf6 34. Rad3 Rb4 35. Kg3 Bg7 36. Kh3 Nd7 37. Rc1 Ne5
38. Ra3 Bf6 39. g3 Rd4 40. f4 Ng4 41. Ra5 Rd2 0-1